| 000 | 00910cam a22002654a 4500 | ||
|---|---|---|---|
| 001 | 12009779 | ||
| 005 | 20180227054044.0 | ||
| 008 | 000516s2000 nyu b 000 0 eng | ||
| 010 | _a 00040723 | ||
| 020 | _a1573928658 (paper : alk. paper) | ||
| 040 |
_aDLC _cDLC _dDLC |
||
| 041 | _aeng | ||
| 042 | _apcc | ||
| 043 | _an-us--- | ||
| 080 | _a331.09730904 HIN | ||
| 082 | 0 | 0 |
_a331.09730904 HIN _221 |
| 100 | _a16 | ||
| 101 | _aHIS | ||
| 245 | 0 | 0 |
_aU.S. labor in the twentieth century : _cedited by John Hinshaw and Paul Le Blanc. |
| 246 | 3 | _aUnited States labor in the twentieth century | |
| 504 | _aIncludes bibliographical references. | ||
| 906 |
_a7 _bcbc _corignew _d1 _eocip _f20 _gy-gencatlg |
||
| 942 |
_2ddc _cBK |
||
| 999 |
_c43579 _d43579 |
||